[Event "2BLO 1819 SC NT Nürnberg - SK König P"]
[Site "?"]
[Date "2018.11.10"]
[Round "1.5"]
[White "Pfretzschner, Roland"]
[Black "Kirchner, Thomas"]
[Result "1-0"]
[WhiteElo "2230"]
[BlackElo "2346"]
[PlyCount "53"]
[EventDate "2018.??.??"]

1. e4 e5 2. Nc3 Nc6 3. Bc4 Nf6 4. d3 Bc5 5. f4 d6 6. Nf3 a6 7. Nd5 O-O 8. f5
Nxd5 9. Bxd5 Nd4 10. Nxd4 Bxd4 11. c3 Ba7 12. Qh5 c6 13. Bb3 d5 14. Bg5 f6 15.
Bd2 b5 16. Rf1 Bb7 17. Rf3 Rf7 18. Rh3 h6 19. Qg6 Kf8 20. Bd1 Rc8 21. Qh7 Rd7
22. Rxh6 Rf7 23. Bh5 Qb6 24. O-O-O Qf2 25. Qg6 Rfc7 26. Rh8+ Ke7 27. Qxg7+ 1-0

[Event "2BLO 1819 SC NT Nürnberg - SK König P"]
[Site "?"]
[Date "2018.11.10"]
[Round "1.6"]
[White "Promyshlyanskiy, Vitaliy"]
[Black "Hoerr, Matthias"]
[Result "1-0"]
[WhiteElo "2263"]
[BlackElo "2191"]
[PlyCount "75"]
[EventDate "2018.??.??"]

1. e4 c5 2. Nc3 Nc6 3. Bb5 Nd4 4. Bc4 e6 5. Nge2 Nf6 6. O-O a6 7. d3 b5 8. Bb3
Nc6 9. Bg5 Be7 10. f4 Qb6 11. Bxf6 Bxf6 12. Kh1 d6 13. Ng3 Nd4 14. f5 Nxb3 15.
axb3 Bd7 16. fxe6 Bxe6 17. Nf5 O-O-O 18. Ne3 Bxc3 19. bxc3 Qc6 20. Qf3 f6 21.
d4 Qb6 22. Rfd1 Rhe8 23. Ra2 Re7 24. d5 Bd7 25. Nf5 Bxf5 26. Qxf5+ Kb7 27. Qxh7
Rde8 28. h3 Rxe4 29. Qxg7+ R8e7 30. Qxf6 c4 31. Raa1 cxb3 32. cxb3 Re2 33. Kh2
R7e5 34. Rf1 Qc5 35. c4 b4 36. Qg7+ Kb6 37. Rxa6+ Kxa6 38. Ra1+ 1-0

[Event "2BLO 1819 SC NT Nürnberg - SK König P"]
[Site "?"]
[Date "2018.11.10"]
[Round "1.7"]
[White "Zaehringer, Daniel"]
[Black "Walter, Florian"]
[Result "1/2-1/2"]
[WhiteElo "2136"]
[BlackElo "2235"]
[PlyCount "57"]
[EventDate "2018.??.??"]

1. d4 Nf6 2. c4 g6 3. Nc3 d5 4. cxd5 Nxd5 5. e4 Nxc3 6. bxc3 Bg7 7. Nf3 c5 8.
Rb1 O-O 9. Be2 b6 10. Be3 Bb7 11. Qc2 cxd4 12. cxd4 Qc8 13. Qxc8 Rxc8 14. Bd3
Nd7 15. Ke2 Nf6 16. Nd2 Rc3 17. Rhc1 Rac8 18. Rxc3 Rxc3 19. f3 Ra3 20. Rb2 Ne8
21. Rc2 Nd6 22. Nc4 Nxc4 23. Bxc4 Ra4 24. Bb3 Rb4 25. Rc7 Ba6+ 26. Kf2 Bxd4 27.
Rxa7 Bxe3+ 28. Kxe3 Bc4 29. Bxc4 {(=)} 1/2-1/2

[Event "2BLO 1819 SC NT Nürnberg - SK König P"]
[Site "?"]
[Date "2018.11.10"]
[Round "1.8"]
[White "Heimrath, Reiner"]
[Black "Burian, Simon"]
[Result "1-0"]
[WhiteElo "2262"]
[BlackElo "2060"]
[PlyCount "181"]
[EventDate "2018.??.??"]

1. Nf3 c5 2. g3 Nc6 3. Bg2 g6 4. c4 Bg7 5. Nc3 d6 6. a3 a6 7. Rb1 Be6 8. d3 Nf6
9. e4 O-O 10. O-O Rb8 11. b4 Ne8 12. Nd5 b5 13. bxc5 dxc5 14. Be3 Nd4 15. Nxd4
cxd4 16. Bf4 Rb7 17. Rb2 Bc8 18. cxb5 e6 19. Nb4 Rxb5 20. a4 Rc5 21. Rc2 Qb6
22. Rxc5 Qxc5 23. Qb1 a5 24. Rc1 Qb6 25. Rxc8 axb4 26. Rb8 Qa6 27. Rxb4 e5 28.
Bd2 Nc7 29. Bh3 f5 30. Qb3+ Kh8 31. Bg2 Ne6 32. Qc4 Qxc4 33. Rxc4 Rb8 34. Rb4
Rc8 35. Rb2 Bf8 36. a5 Nc5 37. Rc2 Rb8 38. Bf1 fxe4 39. dxe4 Nxe4 40. a6 Nxd2
41. Rxd2 Ra8 42. Kg2 Kg7 43. Kf3 Kf6 44. Ke4 Ra7 45. Rc2 Bd6 46. Kd5 Ke7 47.
Rc6 Rd7 48. Ke4 Bb8 49. Bd3 Rd6 50. Rc8 Rd8 51. Rc5 Rd7 52. h4 Bd6 53. Rb5 Ra7
54. Kd5 Rc7 55. Ra5 Ra7 56. Kc6 Bb8 57. Ra2 Rd7 58. Rb2 Rc7+ 59. Kb6 Kd6 60.
Be4 Ba7+ 61. Ka5 Rc5+ 62. Ka4 Rc4+ 63. Ka5 Rc5+ 64. Kb4 Rc7 65. Ra2 Bb6 66. Kb3
Rc3+ 67. Kb2 Rc7 68. Ra4 Ba7 69. Rb4 Rc8 70. f3 Rc3 71. g4 Rc7 72. g5 Bc5 73.
Rb8 Ba7 74. Rd8+ Rd7 75. Rf8 Ke6 76. Rf6+ Ke7 77. h5 d3 78. hxg6 hxg6 79. Rxg6
Kd8 80. Kc1 Be3+ 81. Kd1 d2 82. Rg8+ Kc7 83. g6 Kb6 84. g7 Ka5 85. Re8 Rxg7 86.
Rxe5+ Kxa6 87. Bd3+ Kb6 88. Rxe3 Rg2 89. Re2 Rg3 90. Be4 Kc5 91. Rxd2 1-0

[Event "2BLO 1819 Nickelhütte Aue - SC Garchin"]
[Site "?"]
[Date "2018.11.11"]
[Round "2.1"]
[White "Stocek, Jiri"]
[Black "Papp, Gabor"]
[Result "1-0"]
[WhiteElo "2572"]
[BlackElo "2591"]
[PlyCount "89"]
[EventDate "2018.??.??"]

1. d4 d5 2. Nf3 Nf6 3. c4 e6 4. Nc3 c5 5. e3 a6 6. cxd5 exd5 7. g3 Nc6 8. Bg2
Be7 9. O-O O-O 10. dxc5 Bxc5 11. b3 Bf5 12. Bb2 Rc8 13. Rc1 Ba7 14. Ne2 Be4 15.
Ne5 Bxg2 16. Kxg2 Qe7 17. Nxc6 bxc6 18. Bxf6 Qxf6 19. Qd3 Ra8 20. Qc3 Qxc3 21.
Rxc3 c5 22. Rd1 Rfd8 23. Rcd3 d4 24. exd4 cxd4 25. Nxd4 Bxd4 26. Rxd4 Re8 27.
Rd7 g6 28. R1d4 Re2 29. Rf4 Rf8 30. Ra4 Ra8 31. Rd6 a5 32. Rd7 Kg7 33. Rb7 Ra6
34. Kf3 Rc2 35. Rf4 Rf6 36. Rxf6 Kxf6 37. Rb6+ Ke7 38. a4 f5 39. Rb7+ Kf6 40.
Rxh7 Rc3+ 41. Kg2 Rxb3 42. Ra7 g5 43. Ra6+ Ke5 44. Rxa5+ Ke4 45. f3+ 1-0

[Event "2BLO 1819 Nickelhütte Aue - SC Garchin"]
[Site "?"]
[Date "2018.11.11"]
[Round "2.2"]
[White "Antal, Gergely"]
[Black "Krivoborodov, Egor"]
[Result "1-0"]
[WhiteElo "2546"]
[BlackElo "2524"]
[PlyCount "75"]
[EventDate "2018.??.??"]

1. e4 c5 2. Nf3 Nc6 3. Bb5 g6 4. Bxc6 bxc6 5. d4 Bg7 6. dxc5 Qa5+ 7. Nbd2 Ba6
8. Rb1 Qxa2 9. b4 Bc4 10. e5 Qa6 11. Bb2 Be6 12. Ra1 Qb7 13. Bc3 f6 14. Qe2
fxe5 15. Bxe5 Nf6 16. c3 O-O 17. O-O Bd5 18. Ra5 d6 19. cxd6 exd6 20. Bxd6 Rfe8
21. Qa6 Qxa6 22. Rxa6 Ne4 23. Nxe4 Bc4 24. Nc5 Bxc3 25. Rc1 Bxa6 26. Nxa6 Rad8
27. Bc5 Rd3 28. h3 Bb2 29. Rc2 Ra3 30. Rxb2 Rxa6 31. Nd4 Rc8 32. Kh2 Ra4 33.
Nb3 Rb8 34. Rd2 Raxb4 35. Bxb4 Rxb4 36. Na5 c5 37. Rc2 Rb5 38. Nc4 1-0

[Event "2BLO 1819 Nickelhütte Aue - SC Garchin"]
[Site "?"]
[Date "2018.11.11"]
[Round "2.3"]
[White "Hess, Max"]
[Black "Meijers, Viesturs"]
[Result "1/2-1/2"]
[WhiteElo "2326"]
[BlackElo "2444"]
[PlyCount "49"]
[EventDate "2018.??.??"]

1. d4 Nf6 2. Nf3 e6 3. e3 c5 4. Bd3 b6 5. O-O Be7 6. c4 Bb7 7. Nc3 h6 8. b3 O-O
9. Bb2 cxd4 10. exd4 d5 11. Re1 Nc6 12. Rc1 Rc8 13. cxd5 Nxd5 14. Nxd5 Qxd5 15.
Be4 Qd6 16. d5 exd5 17. Qxd5 Qxd5 18. Bxd5 Bc5 19. Rcd1 Rfd8 20. Ne5 Nxe5 21.
Bxb7 Rxd1 22. Rxd1 Rb8 23. Bxe5 Rxb7 24. Rd8+ Kh7 25. Kf1 1/2-1/2

[Event "2BLO 1819 Nickelhütte Aue - SC Garchin"]
[Site "?"]
[Date "2018.11.11"]
[Round "2.4"]
[White "Slobodjan, Roman"]
[Black "Renner, Christoph"]
[Result "0-1"]
[WhiteElo "2474"]
[BlackElo "2337"]
[PlyCount "70"]
[EventDate "2018.??.??"]

1. d4 f5 2. Bg5 g6 3. h4 Bg7 4. e3 d6 5. Nc3 Nc6 6. d5 Ne5 7. Nge2 c6 8. Nd4
Qb6 9. Nb3 Nf6 10. Be2 Nf7 11. Bf4 O-O 12. h5 Nxd5 13. Nxd5 cxd5 14. hxg6 hxg6
15. Qxd5 Bxb2 16. Rb1 Bc3+ 17. Kf1 Qc6 18. Qd3 e5 19. Nd4 Bxd4 20. exd4 exf4
21. Qh3 Kg7 22. Qh7+ Kf6 23. Bb5 Qxc2 24. Re1 Rh8 25. Qxf7+ Kxf7 26. Rxh8 a6
27. Be2 Kg7 28. Re8 Qxa2 29. Rc1 b5 30. Bf3 Rb8 31. Rd8 b4 32. Rc7+ Kh6 33. Kg1
b3 34. Bd5 Be6 35. Rxb8 Bxd5 0-1

[Event "2BLO 1819 Nickelhütte Aue - SC Garchin"]
[Site "?"]
[Date "2018.11.11"]
[Round "2.5"]
[White "Koepke, Christian"]
[Black "Spiess, Gunter"]
[Result "1/2-1/2"]
[WhiteElo "2339"]
[BlackElo "2421"]
[PlyCount "47"]
[EventDate "2018.??.??"]

1. e4 e6 2. d4 d5 3. exd5 exd5 4. Nf3 Nf6 5. Bd3 Be7 6. O-O Bg4 7. Bg5 Nbd7 8.
Nbd2 O-O 9. c3 c6 10. Qc2 Bh5 11. Ne5 Bg6 12. Nxg6 hxg6 13. Rfe1 Bd6 14. Nf3
Qc7 15. Re2 Rfe8 16. Rae1 Rxe2 17. Rxe2 Re8 18. Rxe8+ Nxe8 19. g3 Nef6 20. Kg2
Nh7 21. Bc1 Nhf6 22. Bg5 Nh7 23. Bc1 Nhf6 24. Bg5 1/2-1/2

[Event "2BLO 1819 Nickelhütte Aue - SC Garchin"]
[Site "?"]
[Date "2018.11.11"]
[Round "2.6"]
[White "Langrock, Hannes"]
[Black "Koepke, Elena"]
[Result "1/2-1/2"]
[WhiteElo "2374"]
[BlackElo "2288"]
[PlyCount "66"]
[EventDate "2018.??.??"]

1. d4 d5 2. c4 dxc4 3. e4 Nc6 4. Nf3 Bg4 5. d5 Ne5 6. Bf4 Ng6 7. Be3 Nf6 8.
Bxc4 e5 9. Nc3 Bd6 10. Be2 O-O 11. Nd2 Bd7 12. O-O Qe7 13. Nb5 Bxb5 14. Bxb5
Bc5 15. Re1 Rfd8 16. a3 c6 17. dxc6 bxc6 18. Bxc6 Rac8 19. Bd5 Nxd5 20. exd5
Bxe3 21. Rxe3 Rxd5 22. Qg4 Rcd8 23. Ne4 Qd7 24. Qxd7 R5xd7 25. Nc5 Rd1+ 26. Re1
Rxa1 27. Rxa1 Nf4 28. Kf1 Rd2 29. b4 h6 30. Ne4 Rb2 31. Nc5 Rd2 32. Ne4 Rb2 33.
Nc5 Rd2 1/2-1/2

[Event "2BLO 1819 Nickelhütte Aue - SC Garchin"]
[Site "?"]
[Date "2018.11.11"]
[Round "2.7"]
[White "Pitschka, Claus"]
[Black "Eichner, Sebastian"]
[Result "1/2-1/2"]
[WhiteElo "2251"]
[BlackElo "2361"]
[PlyCount "52"]
[EventDate "2018.??.??"]

1. d4 Nf6 2. Bf4 d5 3. e3 c5 4. c3 Nc6 5. Nd2 Bf5 6. Qb3 Qd7 7. Ngf3 c4 8. Qb5
Nh5 9. Bg3 Nxg3 10. hxg3 e6 11. b3 a6 12. Qb6 cxb3 13. axb3 Bd6 14. Bb5 O-O 15.
Bxc6 bxc6 16. O-O f6 17. Qa5 Rfb8 18. b4 e5 19. Nb3 Bd3 20. Rfc1 e4 21. Nfd2
Qg4 22. Nc5 Be2 23. Qa4 Rc8 24. c4 Kh8 25. Qb3 Qf5 26. Re1 Bxc5 1/2-1/2

[Event "2BLO 1819 TSV Bindlach Aktionär - SK W"]
[Site "?"]
[Date "2018.11.11"]
[Round "2.2"]
[White "Cech, Pavel"]
[Black "Lehner, Oliver"]
[Result "0-1"]
[WhiteElo "2330"]
[BlackElo "2393"]
[PlyCount "104"]
[EventDate "2018.??.??"]

1. e4 c5 2. Nf3 e6 3. b3 b6 4. c4 Bb7 5. Nc3 d6 6. d4 cxd4 7. Nxd4 Nf6 8. Bd3
Be7 9. O-O O-O 10. Bb2 Nbd7 11. Qe2 Re8 12. Rad1 a6 13. f4 Qc7 14. Kh1 Bf8 15.
f5 Ne5 16. fxe6 fxe6 17. Nf3 Nxd3 18. Qxd3 Rad8 19. Qe3 h6 20. Nh4 Qc5 21. Qg3
Qg5 22. Qxg5 hxg5 23. Nf3 Bxe4 24. Nxg5 Bc6 25. Rfe1 e5 26. Nd5 Bxd5 27. cxd5
Rc8 28. Rd2 Rc5 29. Ne4 Nxe4 30. Rxe4 Rec8 31. h4 Be7 32. g3 Rc2 33. Ree2 Rxd2
34. Rxd2 g5 35. Ba3 gxh4 36. gxh4 Kg7 37. Kg2 Kg6 38. Kh3 Kf5 39. Rf2+ Ke4 40.
Rf7 Re8 41. h5 Kxd5 42. h6 Ke6 43. Rg7 Rh8 44. Bc1 Bf8 45. Rb7 Bxh6 46. Bxh6
Rxh6+ 47. Kg3 b5 48. Rb6 Rf6 49. Rxa6 e4 50. b4 Kd5 51. Ra8 Kc4 52. a3 e3 0-1

[Event "2BLO 1819 TSV Bindlach Aktionär - SK W"]
[Site "?"]
[Date "2018.11.11"]
[Round "2.3"]
[White "Bayer, Bernhard"]
[Black "Wall, Gavin"]
[Result "1/2-1/2"]
[WhiteElo "2414"]
[BlackElo "2329"]
[PlyCount "58"]
[EventDate "2018.??.??"]

1. Nf3 d6 2. g3 g6 3. Bg2 Bg7 4. c4 f5 5. d4 Nf6 6. Nc3 O-O 7. O-O Qe8 8. b3 c6
9. Qc2 Na6 10. Ba3 b5 11. cxb5 cxb5 12. Ng5 Rb8 13. Nd5 Nxd5 14. Bxd5+ e6 15.
Bg2 Qe7 16. Nf3 b4 17. Bb2 Nc7 18. a3 bxa3 19. Rxa3 Nb5 20. Ra4 Bb7 21. Rc1 Be4
22. Qd1 Qb7 23. Ne1 Bh6 24. e3 Rfc8 25. Rac4 Bxg2 26. Rxc8+ Rxc8 27. Rxc8+ Qxc8
28. Kxg2 Qc6+ 29. Qf3 Qxf3+ 1/2-1/2

[Event "2BLO 1819 TSV Bindlach Aktionär - SK W"]
[Site "?"]
[Date "2018.11.11"]
[Round "2.4"]
[White "Krensing, Jan"]
[Black "Guttenthaler, Franz"]
[Result "1/2-1/2"]
[WhiteElo "2347"]
[BlackElo "2335"]
[PlyCount "89"]
[EventDate "2018.??.??"]

1. Nf3 Nf6 2. c4 b6 3. g3 Bb7 4. Bg2 e6 5. O-O Be7 6. Nc3 O-O 7. Re1 d5 8. cxd5
exd5 9. d4 Nbd7 10. Bf4 c5 11. Ne5 Re8 12. e3 h6 13. h4 Bf8 14. Qa4 Nxe5 15.
dxe5 Nd7 16. Nxd5 Nxe5 17. Red1 Qc8 18. Qe4 Nc6 19. Qf3 Ne5 20. Bxe5 Rxe5 21.
Nf6+ gxf6 22. Qxb7 Qxb7 23. Bxb7 Rae8 24. Ba6 R5e6 25. Bb5 Ra8 26. Rd7 a6 27.
Bc4 Re7 28. Rad1 b5 29. Be2 c4 30. Bf3 Rb8 31. Rxe7 Bxe7 32. Rd7 Kf8 33. Bd5
Rb6 34. Ra7 Rd6 35. e4 f5 36. Rc7 fxe4 37. Bxe4 Rd2 38. b3 Rxa2 39. bxc4 b4 40.
c5 Ra1+ 41. Kg2 Rc1 42. c6 a5 43. Rc8+ Kg7 44. Ra8 Rc5 45. c7 1/2-1/2

[Event "2BLO 1819 TSV Bindlach Aktionär - SK W"]
[Site "?"]
[Date "2018.11.11"]
[Round "2.5"]
[White "Deglmann, Ludwig"]
[Black "Delitzsch, Juergen"]
[Result "1-0"]
[WhiteElo "2265"]
[BlackElo "2178"]
[PlyCount "109"]
[EventDate "2018.??.??"]

1. c4 g6 2. g3 Bg7 3. Bg2 d6 4. Nc3 e5 5. e4 Nc6 6. Nge2 Nge7 7. d3 O-O 8. O-O
Be6 9. Nd5 f5 10. Be3 Qd7 11. Qd2 Kh8 12. d4 fxe4 13. Nxe7 Nxe7 14. d5 Bh3 15.
Nc3 Bxg2 16. Kxg2 Qg4 17. Qc2 Qf3+ 18. Kg1 Nf5 19. Qxe4 Nd4 20. Qxf3 Nxf3+ 21.
Kg2 a6 22. Ne4 b6 23. b4 Nd4 24. Bxd4 exd4 25. Ng5 b5 26. cxb5 axb5 27. Ne6 Rf5
28. Rfd1 Ra4 29. Nxg7 Kxg7 30. Rxd4 Kf6 31. a3 Ke7 32. Rd3 Kd7 33. Re1 h5 34.
f4 Ra8 35. h4 Ra6 36. Kf3 Ra8 37. Re4 Ra6 38. Ke2 Ra8 39. Ke3 Ra6 40. Kd2 Ra8
41. Kc2 Ra6 42. Kb3 c5 43. dxc6+ Rxc6 44. Rde3 Rf7 45. Re6 Rg7 46. Kb2 Rc4 47.
Rf6 Rd4 48. Kc3 Rd1 49. Ree6 Kc8 50. Rxd6 Rc7+ 51. Kb2 Rg1 52. Rd3 Rg2+ 53. Kb3
Rc1 54. Rxg6 Rb1+ 55. Kc3 1-0

[Event "2BLO 1819 TSV Bindlach Aktionär - SK W"]
[Site "?"]
[Date "2018.11.11"]
[Round "2.6"]
[White "Pfadenhauer, Johannes"]
[Black "de Francesco, Klaus"]
[Result "1/2-1/2"]
[WhiteElo "2178"]
[BlackElo "2252"]
[PlyCount "126"]
[EventDate "2018.??.??"]

1. d4 e6 2. Nf3 d5 3. c4 c6 4. g3 Bd6 5. Bg2 f5 6. O-O Nf6 7. b3 Qe7 8. Bb2 O-O
9. Qc1 b5 10. Ba3 b4 11. Bb2 a5 12. a3 Ba6 13. axb4 Bxb4 14. Ne5 Rc8 15. Nd3
Nbd7 16. Nd2 Ne4 17. Nxb4 Qxb4 18. Bxe4 fxe4 19. Bc3 Qe7 20. Rxa5 Nf6 21. Qa3
Qxa3 22. Rxa3 Bb7 23. Rfa1 Rxa3 24. Rxa3 Ra8 25. Rxa8+ Bxa8 26. f3 exf3 27.
exf3 Bb7 28. Nf1 dxc4 29. bxc4 Ba6 30. Ne3 Nd7 31. Ba5 e5 32. d5 cxd5 33. cxd5
Bb7 34. Bd8 g6 35. Kf2 Kf7 36. Ke2 Ke8 37. Bc7 Nf6 38. Bxe5 Nxd5 39. Nc2 Ba6+
40. Kf2 Kf7 41. Nd4 Bc4 42. g4 Ne7 43. Kg3 Bd5 44. Bc7 Nc6 45. Ne2 Bc4 46. Nc3
Bd3 47. Bb6 Bc2 48. f4 Bd3 49. Kh4 h6 50. Kg3 Bc2 51. Nd5 Be4 52. Ne3 Ne7 53.
Nc4 Ke6 54. Kf2 Nd5 55. Be3 Bd3 56. Ne5 Bb1 57. Bd2 g5 58. fxg5 Kxe5 59. gxh6
Nf6 60. Bc3+ Ke6 61. Kf3 Nxg4 62. Kxg4 Kf7 63. Kg5 Kg8 1/2-1/2

[Event "2BLO 1819 TSV Bindlach Aktionär - SK W"]
[Site "?"]
[Date "2018.11.11"]
[Round "2.7"]
[White "Lochte, Thomas"]
[Black "Heimerdinger, Joerg"]
[Result "0-1"]
[WhiteElo "2105"]
[BlackElo "2128"]
[PlyCount "132"]
[EventDate "2018.??.??"]

1. e4 e6 2. d4 d5 3. Nd2 c5 4. exd5 Qxd5 5. Ngf3 cxd4 6. Bc4 Qd6 7. O-O Nf6 8.
Nb3 Nc6 9. Nbxd4 Nxd4 10. Qxd4 Qxd4 11. Nxd4 Bd7 12. Re1 Rc8 13. Bb3 Bc5 14. c3
O-O 15. Bg5 h6 16. Bf4 Bxd4 17. cxd4 Bc6 18. Be5 Rfd8 19. Rac1 Nd5 20. a3 Rd7
21. f3 Ne7 22. Bf4 Rcd8 23. Bc2 a5 24. Bd2 a4 25. Be3 Ra8 26. Be4 Ra5 27. Bd2
Rb5 28. Bb4 Bxe4 29. Rxe4 Nc6 30. Rc5 Rb6 31. Bc3 Ra6 32. Kf2 Ne7 33. Ra5 Rxa5
34. Bxa5 Nd5 35. Ke1 b6 36. Bc3 Kf8 37. Kd2 Ke7 38. g3 Kd6 39. Re1 Rc7 40. Kd3
f6 41. Bd2 b5 42. Rc1 Rxc1 43. Bxc1 h5 44. Bd2 g5 45. Ba5 g4 46. fxg4 hxg4 47.
Bd8 f5 48. Ba5 Nf6 49. Bd2 Kd5 50. Bf4 Ne4 51. Be3 Nd6 52. Bd2 Nc4 53. Bc3 Kd6
54. Bb4+ Kc6 55. Bc3 Kd5 56. Bb4 Nxb2+ 57. Kc2 Nc4 58. Kd3 Nd6 59. Bd2 Ne4 60.
Bc1 Kc6 61. Kc2 Nf6 62. Bh6 Nd5 63. Bd2 b4 64. axb4 Kb5 65. Bc1 Nxb4+ 66. Kc3
Na2+ 0-1

[Event "2BLO 1819 TSV Bindlach Aktionär - SK W"]
[Site "?"]
[Date "2018.11.11"]
[Round "2.8"]
[White "Tiller, Jaroslav"]
[Black "Shahin, Walid"]
[Result "1/2-1/2"]
[WhiteElo "2090"]
[BlackElo "2116"]
[PlyCount "45"]
[EventDate "2018.??.??"]

1. d4 d5 2. Bf4 Nf6 3. e3 g6 4. c3 Bg7 5. Nf3 O-O 6. Be2 h6 7. Ne5 Nbd7 8. Nd2
c5 9. O-O Qb6 10. Qb3 Qxb3 11. axb3 Nxe5 12. Bxe5 cxd4 13. exd4 Bd7 14. b4 a6
15. Nb3 Ne4 16. Bxg7 Kxg7 17. Bd3 Nd6 18. Rfe1 e6 19. Nc5 Bc6 20. Nb3 Nc4 21.
Re2 Rfe8 22. Na5 Nxa5 23. Rxa5 1/2-1/2

[Event "2BLO 1819 FC Bayern München - Münchne"]
[Site "?"]
[Date "2018.11.11"]
[Round "2.1"]
[White "Tabatabaei, M.amin"]
[Black "Georgiadis, Nico"]
[Result "1-0"]
[WhiteElo "2583"]
[BlackElo "2534"]
[PlyCount "56"]
[EventDate "2018.??.??"]

1. e4 e5 2. Nf3 Nc6 3. Bc4 Bc5 4. c3 Nf6 5. d4 exd4 6. e5 d5 7. Bb5 Ne4 8. cxd4
Bb6 9. Nc3 O-O 10. Be3 f6 11. Qb3 Nxc3 12. Bxc6 bxc6 13. Qxc3 a5 14. Qxc6 Bg4
15. O-O-O a4 16. a3 Qe8 17. Qxd5+ Be6 18. Qe4 f5 19. Qd3 Bd5 20. Bd2 Qc6+ 21.
Bc3 Rad8 22. Nd2 Rfe8 23. Qb1 Qb7 24. Rhe1 Be6 25. f4 Qxg2 26. Rg1 Qxh2 27. d5
Bxd5 28. Rh1 Qxf4 1-0

[Event "2BLO 1819 FC Bayern München - Münchne"]
[Site "?"]
[Date "2018.11.11"]
[Round "2.2"]
[White "Dragnev, Valentin"]
[Black "Firouzja, Alireza"]
[Result "1-0"]
[WhiteElo "2494"]
[BlackElo "2607"]
[PlyCount "67"]
[EventDate "2018.??.??"]

1. d4 Nf6 2. c4 c5 3. d5 g6 4. Nc3 Bg7 5. e4 O-O 6. Nf3 e6 7. Be2 d6 8. Be3
exd5 9. cxd5 Bg4 10. Nd2 Bxe2 11. Qxe2 Re8 12. O-O a6 13. a4 Nbd7 14. a5 h5 15.
h3 Nh7 16. Kh1 Qe7 17. Rae1 h4 18. Bf4 b5 19. axb6 Nxb6 20. Qd3 g5 21. Bh2 Nd7
22. f4 gxf4 23. Bxf4 Ne5 24. Bxe5 Bxe5 25. Nc4 Qg5 26. Ne2 f6 27. Rf5 Qh6 28.
Ref1 Ra7 29. Nf4 Ng5 30. Ne6 Nxe6 31. dxe6 Bd4 32. Nxd6 Rxe6 33. Qc4 Rae7 34.
R5f4 1-0

[Event "2BLO 1819 FC Bayern München - Münchne"]
[Site "?"]
[Date "2018.11.11"]
[Round "2.3"]
[White "Watson, William N"]
[Black "Studer, Noel"]
[Result "1-0"]
[WhiteElo "2489"]
[BlackElo "2496"]
[PlyCount "65"]
[EventDate "2018.??.??"]

1. e4 e6 2. d4 d5 3. Nc3 Bb4 4. Nge2 dxe4 5. a3 Be7 6. Nxe4 Nf6 7. Qd3 Nxe4 8.
Qxe4 Nd7 9. Bf4 O-O 10. O-O-O Nf6 11. Qf3 Bd7 12. Be5 b5 13. Nf4 a5 14. Qg3 b4
15. a4 Bd6 16. b3 Bxe5 17. dxe5 Ne4 18. Qe3 Nc3 19. Rd4 Qe7 20. Bc4 Rad8 21.
Nh5 Kh8 22. Rg4 Rg8 23. Bd3 f5 24. exf6 gxf6 25. Rg3 Be8 26. Qh6 Bxh5 27. Bxh7
Rg7 28. Bf5+ Rh7 29. Bxh7 Ne2+ 30. Kb2 Nxg3 31. hxg3 Qg7 32. Qxh5 f5+ 33. Kb1
1-0

[Event "2BLO 1819 FC Bayern München - Münchne"]
[Site "?"]
[Date "2018.11.11"]
[Round "2.4"]
[White "Bischoff, Klaus"]
[Black "Froewis, Georg"]
[Result "1/2-1/2"]
[WhiteElo "2507"]
[BlackElo "2431"]
[PlyCount "55"]
[EventDate "2018.??.??"]

1. c4 e6 2. g3 d5 3. Bg2 Nf6 4. Nf3 dxc4 5. Qa4+ Bd7 6. Qxc4 c5 7. Ne5 Qc8 8.
Qd3 Nc6 9. Nxd7 Nxd7 10. Qc3 Nf6 11. d3 Be7 12. Nd2 O-O 13. Nf3 Qd7 14. O-O
Rac8 15. Qb3 b6 16. Bd2 Nd5 17. Rfc1 Bf6 18. Rab1 Rfd8 19. a3 Nde7 20. Bf1 Nf5
21. e3 Ne5 22. Nxe5 Bxe5 23. Be1 Bf6 24. Rd1 Ne7 25. Be2 Ng6 26. Bc3 Bxc3 27.
Qxc3 Qd5 28. Qc4 {(=)} 1/2-1/2

[Event "2BLO 1819 FC Bayern München - Münchne"]
[Site "?"]
[Date "2018.11.11"]
[Round "2.5"]
[White "Berchtenbreiter, Maximilian"]
[Black "Fedorovsky, Michael"]
[Result "1/2-1/2"]
[WhiteElo "2444"]
[BlackElo "2463"]
[PlyCount "52"]
[EventDate "2018.??.??"]

1. e4 c5 2. Nf3 Nc6 3. c3 Nf6 4. e5 Nd5 5. Bc4 Nb6 6. Bb3 d5 7. exd6 Qxd6 8.
Na3 Be6 9. O-O Bxb3 10. axb3 Qd3 11. Re1 e6 12. Re3 Qd7 13. Nc4 Nd5 14. Re1 Be7
15. d4 cxd4 16. Nfe5 Nxe5 17. Nxe5 Qc7 18. Qxd4 O-O 19. b4 a6 20. Bf4 Nxf4 21.
Qxf4 Bd6 22. Qe4 Bxe5 23. Qxe5 Qxe5 24. Rxe5 Rfd8 25. Kf1 Rd2 26. Re2 Rad8
1/2-1/2

[Event "2BLO 1819 FC Bayern München - Münchne"]
[Site "?"]
[Date "2018.11.11"]
[Round "2.6"]
[White "Zajogin, Alexander"]
[Black "Lapcevic, Milos"]
[Result "1/2-1/2"]
[WhiteElo "2408"]
[BlackElo "2388"]
[PlyCount "105"]
[EventDate "2018.??.??"]

1. d4 Nf6 2. c4 e6 3. Nc3 Bb4 4. e3 O-O 5. Bd3 d5 6. a3 Bd6 7. c5 Be7 8. f4 b6
9. b4 a5 10. Bd2 c6 11. Nf3 Ba6 12. Bxa6 Rxa6 13. Qb1 axb4 14. axb4 b5 15. Rxa6
Nxa6 16. Ne5 Qc7 17. O-O Nd7 18. Be1 f6 19. Nd3 f5 20. Rf2 Ra8 21. Ra2 Qb7 22.
Qa1 Nc7 23. Rxa8+ Qxa8 24. Qxa8+ Nxa8 25. Ne2 Kf7 26. Nec1 Ke8 27. Nb3 Kd8 28.
Na5 Kc7 29. g4 Bf6 30. Bg3 g6 31. Kg2 Nf8 32. Kh3 Kd7 33. Bh4 Bg7 34. Bg5 Nc7
35. Kg3 h6 36. Bh4 Nh7 37. Kf3 Ne8 38. h3 Kc7 39. Nb3 Kd7 40. Na5 Kc7 41. Ke2
Bh8 42. Nb3 Bg7 43. Nd2 Bh8 44. Nf3 Bg7 45. Nde5 Bxe5 46. Nxe5 g5 47. Bg3 Nef6
48. Nf7 Ne4 49. Bh2 fxg4 50. hxg4 Kd7 51. Ne5+ Kc7 52. Nf7 Kd7 53. Ne5+ 1/2-1/2

[Event "2BLO 1819 FC Bayern München - Münchne"]
[Site "?"]
[Date "2018.11.11"]
[Round "2.7"]
[White "Schimpf, Markus"]
[Black "Ribli, Zoltan"]
[Result "0-1"]
[WhiteElo "2296"]
[BlackElo "2537"]
[PlyCount "50"]
[EventDate "2018.??.??"]

1. d4 Nf6 2. Nf3 d5 3. Bf4 c5 4. e3 Nc6 5. Nbd2 Qb6 6. dxc5 Qxb2 7. Rb1 Qc3 8.
Bb5 e6 9. O-O Be7 10. Be5 Qxc5 11. c4 O-O 12. Nb3 Qb6 13. Ba1 Bd7 14. Nbd4 Qc7
15. cxd5 exd5 16. Rc1 Qd6 17. Bd3 Rfd8 18. Nb5 Qb8 19. h3 a6 20. Nc3 b5 21. Bb1
Be8 22. Qd3 Ne5 23. Nxe5 Qxe5 24. Nxb5 Qxa1 25. Nc3 Qb2 0-1

[Event "2BLO 1819 FC Bayern München - Münchne"]
[Site "?"]
[Date "2018.11.11"]
[Round "2.8"]
[White "Rafiee, Makan"]
[Black "Ciolek, Andreas"]
[Result "1-0"]
[WhiteElo "2339"]
[BlackElo "2281"]
[PlyCount "117"]
[EventDate "2018.??.??"]

1. e4 c5 2. Nf3 d6 3. d4 cxd4 4. Nxd4 Nf6 5. Nc3 a6 6. Bg5 e6 7. f4 Be7 8. Qf3
Qc7 9. O-O-O Nbd7 10. Bd3 h6 11. Qh3 Nb6 12. f5 e5 13. Nb3 Bd7 14. Be2 O-O-O
15. Bxf6 Bxf6 16. Rd3 Kb8 17. Rhd1 Be7 18. Qf3 Rc8 19. Qf2 Bb5 20. Rh3 Bc6 21.
Bh5 Rhd8 22. Bxf7 Bg5+ 23. Kb1 Qxf7 24. Qxb6 g6 25. fxg6 Qxg6 26. Qb4 Bf4 27.
Rhd3 Qxg2 28. Na5 Ka7 29. h3 Qf2 30. Nc4 Rd7 31. a4 Rcd8 32. Nxd6 Be3 33. Nc8+
Kb8 34. Ne7 Rxd3 35. Nxc6+ Kc7 36. cxd3 bxc6 37. Qe7+ Rd7 38. Qxe5+ Kb7 39. Qf5
Rf7 40. Qxf2 Rxf2 41. Re1 Bd4 42. Ne2 Be3 43. Kc2 Rh2 44. Kc3 Rxh3 45. Nd4 h5
46. Nf5 Bf2 47. Rf1 Rf3 48. Rh1 a5 49. Rxh5 Be1+ 50. Kd4 Rf2 51. Nd6+ Kc7 52.
Nc4 Bb4 53. Rh7+ Kd8 54. Ke5 Rg2 55. Kf6 Bc5 56. Nxa5 Bd4+ 57. e5 Kc8 58. Nxc6
Bxe5+ 59. Nxe5 1-0

[Event "2BLO 1819 Erfurter SK - SC NT Nürnberg"]
[Site "?"]
[Date "2018.11.11"]
[Round "2.1"]
[White "Maximov, Dmitry"]
[Black "Braeuer, Franz"]
[Result "1/2-1/2"]
[WhiteElo "2474"]
[BlackElo "2430"]
[PlyCount "58"]
[EventDate "2018.??.??"]

1. e4 c5 2. Nf3 d6 3. c3 Nf6 4. Bc4 Nxe4 5. Qa4+ Nc6 6. Bxf7+ Kxf7 7. Qxe4 g6
8. O-O Bf5 9. Qe2 e5 10. d4 cxd4 11. cxd4 exd4 12. Qb5 Be7 13. Re1 Qd7 14. Bf4
Bf6 15. Nbd2 d5 16. Nb3 b6 17. a4 Rhe8 18. Red1 d3 19. Nc1 Bg4 20. Nxd3 Bxf3
21. gxf3 Rad8 22. Kg2 Nd4 23. Qxd7+ Rxd7 24. Ra3 Nf5 25. a5 Nh4+ 26. Kg3 Nf5+
27. Kg2 Nh4+ 28. Kg3 Nf5+ 29. Kg2 Nh4+ 1/2-1/2